[Event "BCF-chT1a 1213 (4NCL)"]
[Site "England"]
[Date "2013.02.23"]
[Round "5.123"]
[White "Moskovic, David M"]
[Black "Colovic, Aleksandar"]
[Result "1-0"]
[WhiteElo "2342"]
[BlackElo "2447"]
[PlyCount "91"]
[EventDate "2012.11.03"]
[EventType "team-tourn"]
[EventRounds "7"]
[EventCountry "ENG"]
[SourceTitle "EXT 2014"]
[Source "ChessBase"]
[SourceDate "2013.11.20"]
[SourceVersion "1"]
[SourceVersionDate "2013.11.20"]
[SourceQuality "1"]
[WhiteTeam "Cambridge"]
[BlackTeam "Cheddleton"]
[WhiteTeamCountry "ENG"]
[BlackTeamCountry "ENG"]

1. e4 c5 2. d3 Nc6 3. Be2 g6 4. f4 Bg7 5. Nf3 d6 6. 0-0 Nf6 7. c3 c4 8. Na3 cxd3 9. Bxd3 0-0 10. Qe2 e5 11. fxe5 dxe5 12. Bg5 h6 13. Bh4 g5 14. Bf2 Nh5 15. Rad1 Nf4 16. Qc2 Qe7 17. Nc4 f5 18. Nd6 Nxd3 19. Nxc8 Raxc8 20. Qxd3 Kh8 21. Qd7 b6 22. Qxe7 Nxe7 23. exf5 Rxf5 24. Nd2 Rd8 25. Nc4 Rdf8 26. Nd6 Rf4 27. Bg3 Rxf1+ 28. Rxf1 Rxf1+ 29. Kxf1 Kh7 30. Ke2 Kg6 31. Kf3 Nf5 32. Nc8 Kf7 33. Ke4 Ke6 34. Nxa7 Nd6+ 35. Kd3 Kd5 36. a4 Nc4 37. b3 e4+ 38. Ke2 Na5 39. b4 Nb3 40. Nb5 Kc4 41. Ke3 Kd5 42. Bc7 Nc1 43. Bxb6 Na2 44. a5 Kc6 45. Bd4 Bf8 46. a6 1-0

[Event "BCF-chTd 1112 (4NCL)"]
[Site "England"]
[Date "2012.05.07"]
[Round "11.184"]
[White "Moskovic, David M"]
[Black "Ansell, Simon"]
[Result "0-1"]
[WhiteElo "2324"]
[BlackElo "2370"]
[PlyCount "126"]
[EventDate "2011.11.12"]
[EventType "team-swiss"]
[EventRounds "11"]
[EventCountry "ENG"]
[SourceTitle "EXT 2013"]
[Source "ChessBase"]
[SourceDate "2012.11.22"]
[SourceVersion "1"]
[SourceVersionDate "2012.11.22"]
[SourceQuality "1"]
[WhiteTeam "Cambridge"]
[BlackTeam "Blackthorne Russia"]
[WhiteTeamCountry "ENG"]
[BlackTeamCountry "ENG"]

1. d4 d5 2. c4 c6 3. Nf3 Nf6 4. e3 e6 5. b3 Nbd7 6. Bb2 Bb4+ 7. Nbd2 Ne4 8. Bd3 f5 9. 0-0 0-0 10. a3 Bd6 11. Ne5 Qf6 12. Ndf3 Qh6 13. a4 Rd8 14. Ba3 Bc7 15. Qe2 Qf6 16. Bb2 Nd6 17. Nd2 Nf7 18. Nxf7 Qxf7 19. f3 Nf6 20. e4 Nh5 21. g3 f4 22. g4 Nf6 23. e5 Nd7 24. cxd5 cxd5 25. Rfc1 Nf8 26. b4 a6 27. Rc2 Bb8 28. Rac1 Bd7 29. b5 axb5 30. axb5 Ba7 31. Nb3 Bb6 32. Nc5 Be8 33. Qd2 g5 34. Qb4 Qe7 35. Qb3 Bg6 36. Ba3 Bxd3 37. Qxd3 Qf7 38. Bb4 Rdc8 39. Nb3 Rxc2 40. Rxc2 Ng6 41. Bc5 Bd8 42. Rc3 Nh4 43. Bd6 h5 44. h3 hxg4 45. hxg4 Qe8 46. Kf2 Kg7 47. Nc5 Bb6 48. Ra3 Rxa3 49. Qxa3 Qg6 50. Qb3 Kf7 51. Qd1 Qh7 52. Nb3 Ng6 53. Qf1 Qh2+ 54. Qg2 Qh4+ 55. Kf1 Qh7 56. Nc5 Nh4 57. Qe2 Qb1+ 58. Kf2 Qh1 59. Qd3 Qg2+ 60. Ke1 Nxf3+ 61. Kd1 Qg1+ 62. Ke2 Nxd4+ 63. Kd2 Ba5+ 0-1

[Event "BCF-chTb 1112 (4NCL)"]
[Site "England"]
[Date "2012.02.11"]
[Round "5.63"]
[White "Arkell, Keith C"]
[Black "Moskovic, David M"]
[Result "1-0"]
[WhiteElo "2429"]
[BlackElo "2324"]
[PlyCount "87"]
[EventDate "2011.11.12"]
[EventType "team-tourn"]
[EventRounds "7"]
[EventCountry "ENG"]
[SourceTitle "EXT 2013"]
[Source "ChessBase"]
[SourceDate "2012.11.22"]
[SourceVersion "1"]
[SourceVersionDate "2012.11.22"]
[SourceQuality "1"]
[WhiteTeam "Cheddleton"]
[BlackTeam "Cambridge"]
[WhiteTeamCountry "ENG"]
[BlackTeamCountry "ENG"]

1. d4 Nf6 2. Nf3 g6 3. b4 Bg7 4. Bb2 d5 5. e3 c6 6. c4 0-0 7. Nbd2 Qb6 8. Qb3 a5 9. b5 a4 10. Qa3 dxc4 11. bxc6 Nxc6 12. Bxc4 Nb4 13. Rc1 Bf5 14. 0-0 Nc2 15. Qc3 a3 16. Ba1 Nxa1 17. Qxa1 Qb2 18. Rc3 b5 19. Bd3 Rfc8 20. Rb3 Qxa1 21. Rxa1 Bxd3 22. Rxd3 Rc2 23. Rb3 Rb2 24. Kf1 Nd5 25. Ke2 b4 26. Kd3 Nc3 27. Re1 e5 28. dxe5 Rd8+ 29. Nd4 Rxb3 30. axb3 a2 31. Ra1 Bxe5 32. Kc4 Ne2 33. N2f3 Bxd4 34. Nxd4 Nxd4 35. exd4 Rc8+ 36. Kxb4 Rc2 37. Ka3 Rxf2 38. Rxa2 Rf4 39. Rd2 Kf8 40. Kb4 Ke7 41. Kc5 Kd7 42. b4 Rf1 43. Ra2 Rc1+ 44. Kd5 1-0

[Event "BCF-chT1d 1011 (4NCL) Demotion pool"]
[Site "England"]
[Date "2011.05.01"]
[Round "10.16"]
[White "Moskovic, David M"]
[Black "Snape, Ian L"]
[Result "1/2-1/2"]
[WhiteElo "2293"]
[BlackElo "2241"]
[PlyCount "64"]
[EventDate "2010.11.06"]
[EventType "team-tourn"]
[EventRounds "4"]
[EventCountry "ENG"]
[SourceTitle "EXT 2012"]
[Source "ChessBase"]
[SourceDate "2011.11.24"]
[SourceVersion "1"]
[SourceVersionDate "2011.11.24"]
[SourceQuality "1"]
[WhiteTeam "Cambridge"]
[BlackTeam "The ADS"]
[WhiteTeamCountry "ENG"]
[BlackTeamCountry "ENG"]

1. e4 c5 2. Nc3 g6 3. d4 cxd4 4. Qxd4 Nf6 5. Nf3 Nc6 6. Qa4 d6 7. e5 dxe5 8. Nxe5 Bd7 9. Nxd7 Qxd7 10. Be3 Bg7 11. Rd1 Qc8 12. Be2 0-0 13. 0-0 Rd8 14. Qa3 Qc7 15. Nb5 Qe5 16. Rxd8+ Rxd8 17. Nxa7 Nxa7 18. Qxa7 Qxb2 19. Bb6 Rf8 20. Bf3 Qxc2 21. Bxb7 Ne4 22. Be3 Nc3 23. a3 h5 24. Bf3 e6 25. g3 h4 26. Kg2 Qf5 27. gxh4 Nd5 28. Qa4 Nxe3+ 29. fxe3 Qc5 30. Qf4 Qxa3 31. h5 Qb2+ 32. Rf2 Qe5 1/2-1/2

[Event "BCF-chT1b 1011 (4NCL)"]
[Site "England"]
[Date "2011.02.20"]
[Round "6.16"]
[White "Moskovic, David M"]
[Black "Garrido Dominguez, Jesus"]
[Result "0-1"]
[WhiteElo "2293"]
[BlackElo "2421"]
[PlyCount "114"]
[EventDate "2010.11.06"]
[EventType "team-tourn"]
[EventRounds "7"]
[EventCountry "ENG"]
[SourceTitle "EXT 2012"]
[Source "ChessBase"]
[SourceDate "2011.11.24"]
[SourceVersion "1"]
[SourceVersionDate "2011.11.24"]
[SourceQuality "1"]
[WhiteTeam "Cambridge"]
[BlackTeam "Guildford"]
[WhiteTeamCountry "ENG"]
[BlackTeamCountry "ENG"]

1. e4 d6 2. Nc3 Nf6 3. f4 e5 4. Nf3 Nbd7 5. Bc4 c6 6. d3 Be7 7. a3 0-0 8. 0-0 exf4 9. Bxf4 Nc5 10. Kh1 Be6 11. Bxe6 Nxe6 12. Be3 d5 13. exd5 Nxd5 14. Nxd5 Qxd5 15. c4 Qd7 16. d4 Bf6 17. Qd2 b6 18. Rad1 Rad8 19. b4 Nc7 20. Bf4 b5 21. Bxc7 Qxc7 22. cxb5 cxb5 23. d5 Rd6 24. Qd3 Qc4 25. Rf2 Rfd8 26. Rfd2 h5 27. Kg1 a6 28. h3 Qf4 29. Qf1 Qh6 30. Qf2 Qf4 31. Nh2 Qc4 32. Qf3 g6 33. Nf1 Be5 34. Ne3 Qh4 35. Rf1 Rf6 36. Qd1 Bf4 37. Rf3 Re8 38. Qe2 Bd6 39. Qf2 Rxf3 40. Qxf3 Qg5 41. Nf1 Re5 42. Rf2 Qe7 43. Rd2 Rf5 44. Qd1 Re5 45. Qf3 a5 46. bxa5 Qa7+ 47. Kh1 Qxa5 48. g4 Qc7 49. Rg2 Qc4 50. gxh5 Rxh5 51. Ne3 Qh4 52. Ng4 Qxh3+ 53. Qxh3 Rxh3+ 54. Kg1 Kg7 55. Kf1 f5 56. Nf2 Rxa3 57. Nd1 Rd3 0-1

[Event "EU-ch rapid"]
[Site "Warsaw"]
[Date "2010.12.19"]
[Round "10"]
[White "Lovkov, Roman"]
[Black "Moskovic, David M"]
[Result "1-0"]
[WhiteElo "2414"]
[BlackElo "2293"]
[PlyCount "109"]
[EventDate "2010.12.18"]
[EventType "swiss (rapid)"]
[EventRounds "13"]
[EventCountry "POL"]
[SourceTitle "CBM 139 Extra"]
[Source "ChessBase"]
[SourceDate "2011.01.05"]
[SourceVersion "1"]
[SourceVersionDate "2011.01.05"]
[SourceQuality "1"]

1. d4 Nf6 2. c4 g6 3. Nc3 Bg7 4. e4 d6 5. h3 0-0 6. Be3 c5 7. d5 b5 8. cxb5 a6 9. Nf3 axb5 10. e5 dxe5 11. Bxb5 e4 12. Ne5 Nxd5 13. Qxd5 Qxd5 14. Nxd5 Bxe5 15. Nxe7+ Kg7 16. Nxc8 Rxc8 17. 0-0 Bxb2 18. Rab1 Bd4 19. Bc4 Nc6 20. Bd5 Ra7 21. Bxe4 Rxa2 22. Rb7 Ne5 23. Bd5 Re2 24. Bxd4 cxd4 25. f4 Nc4 26. Rxf7+ Kh8 27. Rc1 d3 28. Rxc4 Rxc4 29. Bxc4 Re1+ 30. Kf2 d2 31. Be2 d1Q 32. Bxd1 Rxd1 33. Kf3 Rd2 34. g3 Kg8 35. Ra7 h5 36. f5 gxf5 37. h4 Rd1 38. Kf4 Rf1+ 39. Ke3 f4+ 40. gxf4 Rh1 41. Ke4 Rxh4 42. Ke5 Rh1 43. Kf6 Rb1 44. f5 Rb6+ 45. Kg5 h4 46. Kxh4 Rf6 47. Kg5 Rf7 48. Ra6 Rb7 49. Kg6 Rg7+ 50. Kf6 Rf7+ 51. Ke6 Rb7 52. f6 Rb1 53. Ra8+ Kh7 54. f7 Re1+ 55. Kd5 1-0

[Event "4NCL-chT rapid"]
[Site "Newport Pagnell"]
[Date "2010.10.09"]
[Round "8"]
[White "Moskovic, David M"]
[Black "Cox, John J"]
[Result "0-1"]
[WhiteElo "2293"]
[BlackElo "2398"]
[PlyCount "116"]
[EventDate "2010.10.09"]
[EventType "team (rapid)"]
[EventRounds "9"]
[EventCountry "ENG"]
[SourceTitle "CBM 138 Extra"]
[Source "ChessBase"]
[SourceDate "2010.10.29"]
[SourceVersion "1"]
[SourceVersionDate "2010.10.29"]
[SourceQuality "1"]

1. e4 e5 2. Nf3 Nc6 3. d4 exd4 4. Nxd4 Qf6 5. Nb3 Qg6 6. Nc3 Nf6 7. Qf3 Bb4 8. Bd3 Ne5 9. Qg3 Nxd3+ 10. cxd3 Qxg3 11. hxg3 d5 12. Bd2 0-0 13. Nxd5 Nxd5 14. exd5 Re8+ 15. Kd1 Bd6 16. Kc2 b6 17. Nd4 Bb7 18. Nc6 Bc5 19. Rhf1 Bxc6 20. dxc6 Re6 21. Rae1 Rxc6 22. Bc3 f6 23. Re2 Kf7 24. Rfe1 Rd8 25. f3 b5 26. a3 Bd6 27. g4 Bg3 28. Rh1 h6 29. Rd1 a5 30. Kb3 a4+ 31. Kc2 Re8 32. Rdd2 Rce6 33. Rxe6 Rxe6 34. Kd1 Re1+ 35. Kc2 Bf4 36. Rd1 Re2+ 37. Kb1 Rxg2 38. Ba5 Rf2 39. d4 Rxf3 40. d5 Rg3 41. Rd4 Be5 42. Rb4 Bd6 43. Rxb5 Rxg4 44. Rb7 Rd4 45. Bxc7 Bxc7 46. Rxc7+ Kg6 47. Rc5 Kf5 48. Kc2 Ke5 49. Ra5 h5 50. Kc3 Rxd5 51. Rxa4 g5 52. Ra8 h4 53. b4 g4 54. a4 g3 55. Rg8 Kf4 56. a5 h3 57. a6 Rd7 58. b5 h2 0-1

[Event "BCF-chT1c 0910 (4NCL) Promotion pool"]
[Site "England"]
[Date "2010.03.28"]
[Round "8.4"]
[White "Buckley, Simon T"]
[Black "Moskovic, David M"]
[Result "1/2-1/2"]
[WhiteElo "2348"]
[BlackElo "2305"]
[PlyCount "55"]
[EventDate "2009.10.24"]
[EventType "team-tourn"]
[EventRounds "4"]
[EventCountry "ENG"]
[SourceTitle "EXT 2011"]
[Source "ChessBase"]
[SourceDate "2010.11.26"]
[SourceVersion "1"]
[SourceVersionDate "2010.11.26"]
[SourceQuality "1"]
[WhiteTeam "White Rose"]
[BlackTeam "Cambridge University"]
[WhiteTeamCountry "ENG"]
[BlackTeamCountry "ENG"]

1. c4 g6 2. Nc3 Bg7 3. g3 d6 4. Bg2 Nf6 5. d3 0-0 6. Nf3 e5 7. Rb1 a5 8. 0-0 Nc6 9. a3 Re8 10. Nd2 Be6 11. b4 axb4 12. axb4 d5 13. Na4 dxc4 14. dxc4 Bxc4 15. b5 Na5 16. Nxc4 Nxc4 17. Nc5 Qe7 18. Nxb7 e4 19. Qb3 Nb6 20. Bd2 Ra3 21. Qb4 Qxb4 22. Bxb4 Ra2 23. e3 Nfd5 24. Nc5 f5 25. Rfc1 Bb2 26. Rc2 Nxb4 27. Rcxb2 Rxb2 28. Rxb2 1/2-1/2

[Event "Budapest FS09 IM-A"]
[Site "Budapest"]
[Date "2009.09.16"]
[Round "12"]
[White "Lorand, Norbert"]
[Black "Moskovic, David M"]
[Result "1/2-1/2"]
[WhiteElo "2339"]
[BlackElo "2307"]
[PlyCount "82"]
[EventDate "2009.09.05"]
[EventType "tourn"]
[EventRounds "13"]
[EventCountry "HUN"]
[SourceTitle "CBM 132 Extra"]
[Source "ChessBase"]
[SourceDate "2009.11.03"]
[SourceVersion "1"]
[SourceVersionDate "2009.11.03"]
[SourceQuality "1"]

1. e4 c5 2. Nf3 d6 3. d4 cxd4 4. Nxd4 Nf6 5. Nc3 a6 6. Be3 e5 7. Nb3 Be6 8. f3 Be7 9. Qd2 0-0 10. 0-0-0 Nbd7 11. g4 b5 12. g5 b4 13. Ne2 Ne8 14. f4 a5 15. f5 a4 16. fxe6 axb3 17. exf7+ Rxf7 18. Kb1 bxc2+ 19. Kxc2 Nb6 20. Nc1 d5 21. exd5 Nd6 22. Kb1 Nbc4 23. Bxc4 Nxc4 24. Qe2 Nxe3 25. g6 Nxd1 26. gxf7+ Kxf7 27. Rxd1 Qd6 28. Nd3 Bf6 29. Qe4 Rb8 30. Rc1 Rb5 31. Qxh7 Rxd5 32. Nf2 Rd2 33. Ne4 Qd3+ 34. Ka1 Rc2 35. Rb1 Qe2 36. Qf5 Ke7 37. Ng3 Qxh2 38. Qe4 Qd2 39. Nf5+ Kf8 40. Qa8+ Kf7 41. Qb7+ Ke6 1/2-1/2

[Event "Budapest FS09 IM-A"]
[Site "Budapest"]
[Date "2009.09.10"]
[Round "6"]
[White "Moskovic, David M"]
[Black "Turzo, Attila"]
[Result "1/2-1/2"]
[WhiteElo "2307"]
[BlackElo "2314"]
[PlyCount "64"]
[EventDate "2009.09.05"]
[EventType "tourn"]
[EventRounds "13"]
[EventCountry "HUN"]
[SourceTitle "CBM 132 Extra"]
[Source "ChessBase"]
[SourceDate "2009.11.03"]
[SourceVersion "1"]
[SourceVersionDate "2009.11.03"]
[SourceQuality "1"]

1. d4 d5 2. c4 c6 3. Nf3 Nf6 4. e3 Bf5 5. Nc3 e6 6. Nh4 Bg6 7. Qb3 Qb6 8. Nxg6 hxg6 9. Bd2 Nbd7 10. cxd5 exd5 11. Be2 Bd6 12. h3 Ne4 13. Nxe4 dxe4 14. Bc4 Qxb3 15. Bxb3 Nf6 16. Bc2 0-0 17. Ke2 Rfe8 18. g4 Nd5 19. Rag1 f5 20. gxf5 gxf5 21. Rg5 Rf8 22. Rhg1 Rf7 23. f3 exf3+ 24. Kxf3 Raf8 25. Ke2 Be7 26. R5g2 Bh4 27. Rg6 Ne7 28. Rh6 Bf6 29. Bb4 Re8 30. Bxe7 Rexe7 31. Bb3 Bxd4 32. Re6 Kf8 1/2-1/2

[Event "BCF-chT1a 0809 (4NCL)"]
[Site "England"]
[Date "2009.01.18"]
[Round "6.4"]
[White "Moskovic, David M"]
[Black "Ruston, Mark"]
[Result "1-0"]
[WhiteElo "2307"]
[BlackElo "2097"]
[PlyCount "77"]
[EventDate "2008.10.04"]
[EventType "team-tourn"]
[EventRounds "7"]
[EventCountry "ENG"]
[SourceTitle "EXT 2010"]
[Source "ChessBase"]
[SourceDate "2010.11.25"]
[SourceVersion "1"]
[SourceVersionDate "2010.11.25"]
[SourceQuality "1"]
[WhiteTeam "Cambridge"]
[BlackTeam "Sambuca Sharks"]
[WhiteTeamCountry "ENG"]
[BlackTeamCountry "ENG"]

1. e4 e6 2. d4 d5 3. e5 c5 4. c3 Nc6 5. Nf3 Qb6 6. a3 Nh6 7. b4 cxd4 8. cxd4 Nf5 9. Bb2 Be7 10. Bd3 Bd7 11. Bxf5 exf5 12. Nc3 Be6 13. 0-0 Qd8 14. Rc1 Rc8 15. Qd3 g5 16. Nd2 f4 17. Nb3 b6 18. b5 Nb8 19. Na2 Rc4 20. Nd2 Rxc1 21. Rxc1 Qd7 22. a4 0-0 23. Ba3 g4 24. Nb4 Rc8 25. Na2 Bg5 26. f3 g3 27. h3 Rxc1+ 28. Nxc1 Qc8 29. Na2 Bf5 30. Qc3 Qe6 31. Bd6 Nd7 32. Nb4 Bh4 33. Qc6 Nf6 34. Qa8+ Kg7 35. Qf8+ Kg6 36. Qe7 Qc8 37. Nc6 Ne4 38. Qxh4 Nxd2 39. Ne7+ 1-0

[Event "Budapest FS09 IM-B"]
[Site "Budapest"]
[Date "2008.09.10"]
[Round "5"]
[White "Galyas, Miklos"]
[Black "Moskovic, David M"]
[Result "1/2-1/2"]
[WhiteElo "2463"]
[BlackElo "2293"]
[PlyCount "109"]
[EventDate "2008.09.06"]
[EventType "tourn"]
[EventRounds "10"]
[EventCountry "HUN"]
[EventCategory "1"]
[SourceTitle "CBM 126 Extra"]
[Source "ChessBase"]
[SourceDate "2008.11.05"]
[SourceVersion "1"]
[SourceVersionDate "2008.11.05"]
[SourceQuality "1"]

1. d4 Nf6 2. c4 g6 3. Nc3 Bg7 4. e4 d6 5. Nf3 0-0 6. h3 a6 7. Bg5 c5 8. d5 b5 9. Bd3 b4 10. Ne2 Nbd7 11. 0-0 a5 12. Qd2 Ba6 13. Ng3 Nb6 14. Rac1 Nfd7 15. Bh6 e6 16. h4 Qf6 17. b3 Bxh6 18. Qxh6 e5 19. Nh2 Rae8 20. Nf3 Re7 21. Qe3 Qf4 22. h5 Nf6 23. Nh2 Kg7 24. Rfe1 a4 25. Qe2 Bc8 26. Qc2 Ra7 27. Re3 Nxh5 28. Nxh5+ gxh5 29. Rf1 axb3 30. axb3 h4 31. Qd1 f6 32. Be2 Kh8 33. Bg4 Rg7 34. Bxc8 Nxc8 35. Qf3 Qg5 36. Kh1 Rfg8 37. Rg1 Ne7 38. Qh3 f5 39. Nf3 Qg4 40. Nxh4 fxe4 41. Qxg4 Rxg4 42. g3 Ra8 43. Kg2 Ra2 44. Rge1 Ng6 45. Nxg6+ hxg6 46. Rxe4 Rxe4 47. Rxe4 Rb2 48. Re3 Kg7 49. Rf3 g5 50. g4 Rb1 51. Re3 Kf6 52. Rf3+ Kg6 53. Re3 Kf6 54. Rf3+ Kg6 55. Re3 1/2-1/2

[Event "Budapest FS09 IM-B"]
[Site "Budapest"]
[Date "2008.09.09"]
[Round "4"]
[White "Moskovic, David M"]
[Black "Farago, Sandor"]
[Result "1-0"]
[WhiteElo "2293"]
[BlackElo "2271"]
[PlyCount "145"]
[EventDate "2008.09.06"]
[EventType "tourn"]
[EventRounds "10"]
[EventCountry "HUN"]
[EventCategory "1"]
[SourceTitle "CBM 126 Extra"]
[Source "ChessBase"]
[SourceDate "2008.11.05"]
[SourceVersion "1"]
[SourceVersionDate "2008.11.05"]
[SourceQuality "1"]

1. e4 Nf6 2. e5 Nd5 3. d4 d6 4. c4 Nb6 5. exd6 exd6 6. Nc3 Be7 7. Be2 Bf5 8. Nf3 0-0 9. 0-0 Bf6 10. Be3 d5 11. c5 Nc8 12. Qb3 Ne7 13. Qxb7 Nbc6 14. Nb5 a6 15. Nc3 Qd7 16. Bf4 Ra7 17. Qb3 Rb8 18. Qa3 Nxd4 19. Nxd4 Bxd4 20. Rfd1 Bf6 21. Bf3 Be6 22. Rac1 Qc6 23. h3 a5 24. Rc2 g5 25. Be3 Rb4 26. Rcd2 h6 27. h4 Rxh4 28. Nxd5 Nxd5 29. Bxd5 Bxd5 30. Rxd5 Ra8 31. Bc1 a4 32. Qf3 Ra6 33. b3 Qe6 34. g3 Re4 35. Be3 axb3 36. axb3 Kg7 37. Kg2 Ra2 38. R5d2 Ra3 39. Rd3 Rb4 40. Qd5 Qxd5+ 41. Rxd5 Rbxb3 42. Rd7 Ra2 43. Kf3 h5 44. Rxc7 Kg6 45. Rd6 Kf5 46. Rxf7 g4+ 47. Kg2 Rxe3 48. Rfxf6+ Kg5 49. Rg6+ Kf5 50. Rgf6+ Kg5 51. Rg6+ Kf5 52. Rdf6+ Ke5 53. Re6+ Kf5 54. Rgf6+ Kg5 55. Rg6+ Kf5 56. Rxe3 Kxg6 57. Rc3 Ra7 58. c6 Rc7 59. Rc5 Kf6 60. Rxh5 Kg6 61. Rc5 Kf6 62. Kf1 Ke6 63. Ke2 Kd6 64. Rc4 Re7+ 65. Kd3 Kc7 66. Rxg4 Kxc6 67. Re4 Rd7+ 68. Ke3 Kd5 69. f4 Ra7 70. Re5+ Kd6 71. Ke4 Rg7 72. Rg5 Rh7 73. g4 1-0

[Event "BCF-chT 0708 (4NCL)"]
[Site "Sunningdale"]
[Date "2008.05.05"]
[Round "11.2"]
[White "Jessel, Stephen"]
[Black "Moskovic, David M"]
[Result "1/2-1/2"]
[WhiteElo "2300"]
[BlackElo "2286"]
[PlyCount "63"]
[EventDate "2007.09.15"]
[EventType "team-tourn"]
[EventRounds "11"]
[EventCountry "ENG"]
[SourceTitle "EXT 2008"]
[Source "ChessBase"]
[SourceDate "2007.11.25"]
[SourceVersion "1"]
[SourceVersionDate "2007.11.25"]
[SourceQuality "1"]
[WhiteTeam "Sambuca Sharks"]
[BlackTeam "Cambridge"]
[WhiteTeamCountry "ENG"]
[BlackTeamCountry "ENG"]

1. e4 c5 2. Nf3 d6 3. d4 cxd4 4. Nxd4 Nf6 5. Nc3 a6 6. Be2 e5 7. Nb3 Be7 8. 0-0 0-0 9. a4 Nc6 10. Bf3 Nb4 11. Re1 b6 12. Nd2 Bb7 13. Nc4 Rc8 14. b3 b5 15. axb5 axb5 16. Nxb5 Bxe4 17. Ncxd6 Bxf3 18. gxf3 Bxd6 19. Nxd6 Nxc2 20. Nxc8 Nxe1 21. Qxe1 Qxc8 22. Qe2 Re8 23. Bg5 Nh5 24. Re1 h6 25. Bd2 Re6 26. b4 Qc2 27. Kh1 Nf6 28. Be3 Qc6 29. b5 Qb7 30. Rb1 e4 31. f4 Nd5 32. Qc4 1/2-1/2

[Event "BCF-chT 0708 (4NCL)"]
[Site "Sunningdale"]
[Date "2008.01.13"]
[Round "6.3"]
[White "Moskovic, David M"]
[Black "Collins, Sam E"]
[Result "0-1"]
[WhiteElo "2286"]
[BlackElo "2398"]
[PlyCount "66"]
[EventDate "2007.09.15"]
[EventType "team-tourn"]
[EventRounds "11"]
[EventCountry "ENG"]
[SourceTitle "EXT 2008"]
[Source "ChessBase"]
[SourceDate "2007.11.25"]
[SourceVersion "1"]
[SourceVersionDate "2007.11.25"]
[SourceQuality "1"]
[WhiteTeam "Cambridge"]
[BlackTeam "Barbican"]
[WhiteTeamCountry "ENG"]
[BlackTeamCountry "ENG"]

1. e4 d6 2. f4 d5 3. e5 c5 4. d3 Nc6 5. g3 Nh6 6. Bg2 Bg4 7. Nf3 Nf5 8. h3 Bxf3 9. Qxf3 e6 10. 0-0 Ncd4 11. Qf2 Nxg3 12. Rd1 Nge2+ 13. Kh1 Nxc1 14. Rxc1 Be7 15. b4 Rc8 16. c3 Nf5 17. a3 g5 18. Nd2 gxf4 19. bxc5 Bxc5 20. d4 Be7 21. Nf1 Bh4 22. Qb2 b6 23. Rd1 0-0 24. Rac1 Kh8 25. c4 dxc4 26. d5 Qg5 27. d6 Rg8 28. Rc3 Ne3 29. Nxe3 fxe3 30. d7 Bf2 31. Bf3 Rcd8 32. Rxc4 Qg3 33. Bg4 Rxg4 0-1

[Event "BCF-chT 0708 (4NCL)"]
[Site "Sunningdale"]
[Date "2008.01.12"]
[Round "5.3"]
[White "Hunt, Harriet"]
[Black "Moskovic, David M"]
[Result "0-1"]
[WhiteElo "2457"]
[BlackElo "2286"]
[PlyCount "78"]
[EventDate "2007.09.15"]
[EventType "team-tourn"]
[EventRounds "11"]
[EventCountry "ENG"]
[SourceTitle "EXT 2008"]
[Source "ChessBase"]
[SourceDate "2007.11.25"]
[SourceVersion "1"]
[SourceVersionDate "2007.11.25"]
[SourceQuality "1"]
[WhiteTeam "Betsson.com"]
[BlackTeam "Cambridge"]
[WhiteTeamCountry "ENG"]
[BlackTeamCountry "ENG"]

1. e4 c5 2. Nc3 a6 3. f4 b5 4. Nf3 Bb7 5. d3 e6 6. Qe2 Nc6 7. g3 Nd4 8. Nxd4 cxd4 9. Nd1 d5 10. e5 Bc5 11. Bh3 Ne7 12. 0-0 Qd7 13. Bd2 h5 14. Be1 Nf5 15. Bf2 Rc8 16. Rc1 Ke7 17. Re1 g6 18. Bg2 a5 19. c3 dxc3 20. bxc3 d4 21. Bxb7 Qxb7 22. Qe4 Qb6 23. c4 Bb4 24. Rf1 bxc4 25. Rxc4 Rxc4 26. dxc4 Bc5 27. Kg2 Rd8 28. h3 Ne3+ 29. Nxe3 dxe3 30. Be1 Qb2+ 31. Kf3 Rd1 32. Qc6 Qd4 33. g4 g5 34. gxh5 e2 35. Qb7+ Kf8 36. Qa8+ Kg7 37. h6+ Kh7 38. Rh1 Rxe1 39. Rxe1 Qf2+ 0-1

[Event "BCF-chT 0708 (4NCL)"]
[Site "Sunningdale"]
[Date "2007.09.16"]
[Round "2.2"]
[White "Moskovic, David M"]
[Black "Greet, Andrew"]
[Result "1/2-1/2"]
[WhiteElo "2286"]
[BlackElo "2441"]
[PlyCount "132"]
[EventDate "2007.09.15"]
[EventType "team-tourn"]
[EventRounds "11"]
[EventCountry "ENG"]
[SourceTitle "EXT 2008"]
[Source "ChessBase"]
[SourceDate "2007.11.25"]
[SourceVersion "1"]
[SourceVersionDate "2007.11.25"]
[SourceQuality "1"]
[WhiteTeam "Cambridge"]
[BlackTeam "Hilsmark Kingfisher"]
[WhiteTeamCountry "ENG"]
[BlackTeamCountry "ENG"]

1. e4 e5 2. f4 Bc5 3. Nc3 d6 4. Nf3 Nf6 5. Bc4 Nc6 6. d3 0-0 7. Na4 Bg4 8. Nxc5 dxc5 9. 0-0 Qd6 10. h3 Bxf3 11. Qxf3 b5 12. Bb3 c4 13. dxc4 bxc4 14. Ba4 Nd4 15. Qd1 Ne6 16. Qxd6 cxd6 17. Be3 Nxe4 18. fxe5 N4c5 19. Bb5 d5 20. b4 Rab8 21. Bxc5 Nxc5 22. Bc6 Rxb4 23. c3 Rb6 24. Bxd5 Nd3 25. Bxc4 Nxe5 26. Bd5 Re8 27. Rae1 Kf8 28. c4 f6 29. Re3 Rb4 30. Ra3 Re7 31. Rc1 Rc7 32. Rb3 Ra4 33. c5 Ke7 34. Rb8 Nd3 35. Rc3 Rd4 36. Be4 Rxe4 37. Rxd3 Rc4 38. Ra3 R4xc5 39. Ra8 Ke6 40. R3xa7 g5 41. Re8+ Kf5 42. Rxc7 Rxc7 43. Re3 Rc1+ 44. Kf2 Ra1 45. a3 h5 46. Rb3 Ra2+ 47. Kf3 g4+ 48. Kg3 Kg5 49. Rb5+ f5 50. h4+ Kf6 51. Ra5 Rb2 52. a4 Ra2 53. Ra8 Rc2 54. Rf8+ Kg6 55. Rg8+ Kf7 56. Rg5 Kf6 57. Rxh5 Rc3+ 58. Kh2 Ra3 59. Rh6+ Ke5 60. Rb6 Rxa4 61. g3 Ra2+ 62. Kg1 f4 63. Rb5+ Ke4 64. Rb4+ Kf3 65. Rb3+ Ke4 66. Rb4+ Kf3 1/2-1/2

[Event "BCF-chT2 0607 (4NCL)"]
[Site "Sunningdale"]
[Date "2006.09.16"]
[Round "1.3"]
[White "Moskovic, David M"]
[Black "McFarland, Robert S"]
[Result "1-0"]
[WhiteElo "2272"]
[BlackElo "2238"]
[PlyCount "79"]
[EventDate "2006.09.16"]
[EventType "team"]
[EventRounds "11"]
[EventCountry "ENG"]
[SourceTitle "CBM 115 Extra"]
[Source "ChessBase"]
[SourceDate "2007.01.10"]
[SourceVersion "1"]
[SourceVersionDate "2007.01.10"]
[SourceQuality "1"]
[WhiteTeam "Cambridge"]
[BlackTeam "Hilsmark Kingfisher II"]
[WhiteTeamCountry "ENG"]
[BlackTeamCountry "ENG"]

1. e4 g6 2. d4 Bg7 3. Nc3 c6 4. Be3 d5 5. e5 f6 6. f4 Nh6 7. Nf3 Nd7 8. Qd2 b5 9. a3 Nb6 10. b3 Be6 11. Bd3 Qd7 12. h3 Nf7 13. 0-0 0-0 14. a4 a6 15. a5 Nc8 16. Nh4 f5 17. Nd1 Rb8 18. c3 Nh6 19. Nf2 Qc7 20. Be2 Bd7 21. Nd3 e6 22. Nc5 Qa7 23. Nf3 Nf7 24. Ne1 Ne7 25. Ned3 Bc8 26. Nb4 Nd8 27. Bf2 Rf7 28. Bh4 Ra8 29. Kh1 Qc7 30. Ra2 Rf8 31. Rc1 Re8 32. c4 Qa7 33. Rac2 Bf8 34. cxb5 cxb5 35. Ncd3 Bb7 36. Rc7 Qb8 37. Rd7 Bc8 38. Rd6 Kf7 39. Rb6 Qa7 40. Nc5 1-0